| 000 | 00569nam a22002057a 4500 | ||
|---|---|---|---|
| 003 | BD-ChCU | ||
| 005 | 20260429105657.0 | ||
| 008 | 260429b uk ||||| |||| 00| 0 eng d | ||
| 020 | _a9781292021287 | ||
| 040 | _cBD-ChCU | ||
| 082 |
_223 _a551.3 B674p |
||
| 100 |
_aBoggs, Sam. _922067 |
||
| 245 |
_aPrinciples sedimentology and stratigraphy/ _cSam Boggs. |
||
| 250 | _a5ed. | ||
| 260 |
_aCambridge : _bPear Education, _c2014 |
||
| 300 | _a560 P. : | ||
| 504 | _aIncludes. | ||
| 650 | 0 |
_aSedimentology and deposition ; Stratigraphy. _922068 |
|
| 942 |
_2ddc _cBK _n0 |
||
| 999 |
_c112511 _d112511 |
||